000 01346nas a2200313 4500
001 BR8103321
003 BR-BrBNA
005 20231205084747.0
007 ta
008 230509b bl.|||p| |||| 00| 00por d
040 _aBR-BrBNA
_bpor
_cBiblioteca Nacional de Agricultura
041 _a(En)
072 _aL50; L40
100 1 _aKulay Junior, L.
100 1 _aSimoes, M.J.
100 1 _aEgami, M.I.
100 1 _aKulay, M.N.C.
100 1 _aPaiva, E.R. de
100 1 _aCarvalho, A.M. de
245 1 _aThe effect of different doses of chlorhydrate of 1 - isopropilamine - 3 (1 - naphtyl-oxy)- 2 - propanolol on glycogen of liver cells of pregnant rats and their fetuses. Histochemical and biochemical study [Bioquimica animal; Histoquimica; Rato]
246 1 _aThe effect of different doses of chlorydrate of 1 - isopropilamine - 3 (1 - naphtyl-oxy)- 2 - propanolol on glycogen of liver cells of pregnant rats and their fetuses, Histochemical and biochemical study [Animal biochemistry; Histochemistry; Rat]
650 _aBioquimica animal
650 _aEstrutura animal
650 _aRato
650 _aHistoquimica
773 0 _tRevista Brasileira de Pesquisas Medicas e Biologicas (Brazil)
_xISSN 0034-7310
_g(Apr 1980), v. 13(1-3) p. 15-20
_wBR8103321
909 _a202311
_bLúcia
_c55
_dLúcia Elande
942 _2AGRIS
_n0
_cANA
999 _c107120
_d107120